| 000 | 00739nam a2200205 a 4500 | ||
|---|---|---|---|
| 001 | 000909920 | ||
| 003 | AM-YeHGA | ||
| 005 | 20250617162952.0 | ||
| 008 | 120821s1959 ru r 000 0 rus d | ||
| 040 | _aAM-YeHGA | ||
| 041 | 0 | _arus | |
| 100 | 1 | _aМантрова, Елизавета Захаровна | |
| 245 | 1 | 0 |
_aФлоксы : _b(Культура и особенности питания) / _cЕ.З. Мантрова. |
| 260 |
_aМосква : _bИзд-во Мин. коммун. хоз. РСФСР, _c1959. |
||
| 300 |
_a59 с. : _bтабл., рис. ; _c22 см. |
||
| 504 | _aБиблиогр.: с. 59 | ||
| 650 | 1 | 4 | _aЦветоводство |
| 650 | 1 | 4 | _aДекоративное садоводство |
| 090 | _c502056 | ||
| 999 |
_c498654 _d498654 |
||